00489nam a2200193 a 4500001001300000003000900013005001700022008004100039020001000080082001300090100002100103245003700124260003300161300000900194500003500203505000900238650002700247700002100274nice12345678IN_TiNIC20260116011954.0050524s0000 pera grp 000 0 ara  ac10000a248bDAW aDawwani, Ibrahim aZauqu Wanazaru-Maataiyab Al Rabb aPersia bNo Publishersc0000 a103p aincludes index and biblioraphy2 aMaps aSpirituality-Christian1 aDawwani, Ibrahim